|
|
|
|
| LEADER |
00000nam a2200000 i 4500 |
| 001 |
DIGALBA0362 |
| 003 |
NyNyDIG |
| 007 |
cr ||||||||||| |
| 008 |
220908t20191985sp o 000 f spa d |
| 006 |
m o d |
| 035 |
|
|
|a (OCoLC)1112701342
|
| 040 |
|
|
|a DGITA
|b eng
|e rda
|e pn
|c DGITA
|
| 020 |
|
|
|a 9788490655870
|q eBook
|
| 020 |
|
|
|z 9788490655672
|
| 041 |
1 |
|
|a spa
|h eng
|
| 050 |
1 |
4 |
|a PR6053.O452 ebook
|
| 082 |
1 |
4 |
|a 823.914
|
| 100 |
1 |
|
|a Comyns, Barbara,
|d 1909-1992,
|e author.
|
| 240 |
1 |
0 |
|a Juniper tree.
|l Spanish
|s (Ros González)
|
| 245 |
1 |
3 |
|a El enebro /
|c Barbara Comyns ; epílogo de Margaret Drabble ; traducción, Miguel Ros González.
|
| 250 |
|
|
|a Primera edición.
|
| 264 |
|
1 |
|a Barcelona :
|b Alba,
|c [2019]
|
| 264 |
|
4 |
|c ©1985
|
| 300 |
|
|
|a 1 online resource.
|
| 336 |
|
|
|a text
|b txt
|2 rdacontent
|
| 337 |
|
|
|a computer
|b c
|2 rdamedia
|
| 338 |
|
|
|a online resource
|b cr
|2 rdacarrier
|
| 347 |
|
|
|a text file
|2 rdaft
|
| 347 |
|
|
|b EPUB
|
| 490 |
1 |
|
|a Rara avis
|
| 588 |
0 |
|
|a Online resource; title from ePub title page (Digitalia, viewed September 8, 2022)
|
| 650 |
|
0 |
|a Single mothers
|v Fiction.
|
| 655 |
|
7 |
|a Domestic fiction.
|2 lcgft
|
| 655 |
|
0 |
|a Electronic books.
|
| 700 |
1 |
|
|a Drabble, Margaret,
|d 1939-
|e contributor agent of text.
|
| 700 |
1 |
|
|a Ros González, Miguel,
|e translator.
|
| 700 |
1 |
|
|i Translation of:
|a Comyns, Barbara,
|d 1909-1992.
|t Juniper tree.
|
| 791 |
2 |
|
|a Digitalia (Firm),
|e distributor.
|
| 793 |
0 |
|
|g Digitalia eBook Collection:
|a Alba Editorial
|
| 776 |
0 |
8 |
|i Print version:
|a Comyns, Barbara, 1909-1992.
|s Juniper tree. Spanish (Ros González).
|t Enebro.
|d Barcelona : Alba, [2019]
|z 9788490655672
|
| 830 |
|
0 |
|a Rara avis (Alba Editorial) ;
|v 43.
|
| 856 |
4 |
0 |
|u https://digitalia.uam.elogim.com/a/80255/
|z Texto completo
|
| 910 |
|
|
|a Premium collection: 2022
|